000 00947cam a2200301 i 4500
001 41804
003 Mx-PuUPA
005 20250702142905.0
008 140415s2009 njua fr 001 0 eng d
020 _a9780470286975
040 _cMx-PuUPA
_aMx-PuUPA
_bspa
_dMx-PuUPA
_erda
041 0 _aeng
100 1 _aShamieh, Cathleen,
_917272
_eautor
245 1 0 _aElectronics for Dummies /
_cby Cathleen Shamieh and Gordon McComb
250 _a2nd edition
264 1 _aHoboken, New Jersey :
_bJohn Wiley & Sons,
_c2009
300 _axx, 408 páginas :
_bilustraciones ;
_c24 cm
336 _2rdacontent
_atexto
_btxt
337 _2rdamedia
_asin medio
_bn
338 _2rdacarrier
_avolumen
_bnc
490 0 _aFor Dummies
650 7 _2armarc
_aElectrónica
650 7 _2armarc
_aIngeniería eléctrica
700 1 _aMcComb, Gordon,
_eautor
942 _2ddc
_cLI
_h621.381
_iS52
999 _c41804
_d41804